000 00598nam a2200229Ia 4500
003 OSt
005 20220923230532.0
006 a|||||r|||| 00| 0
007 ta
008 Pun
024 _a282,980
037 _cTextual
040 _aARTS
_cARTS
_bPun
041 _2Pun
_aPun
082 _aO153,3NMI,CR, M8
100 _aਮਿਤਵਾ, ਦਰFਨ
245 0 _aਚੁੱਪ ਰਾਤ ਦਾ ਸਿਵਾ
260 _c1988
650 _aਪੰਜਾਬੀ ਸਾਹਿਤ
942 _hO153,3NMI,CR, M8
_cTEXL
_2CC
999 _c385524
_d385524